000 00238nam a2200097Ia 4500
005 20251222114414.0
008 251222s1900||||xx |||||||||||||| ||spa||
082 _aDVD0070/S42/2010
245 4 _aThe way back:El camino de regreso
942 _cDVD
999 _c2157
_d2157